Cuentos de buenas noches para niñas rebeldes : (Record no. 22560)

000 -CABECERA
fixed length control field 00943nam a22002417a 4500
003 - IDENTIFICADOR DEL NÚMERO DE CONTROL
control field AR-CdUCM
008 - DATOS DE LONGITUD FIJA--INFORMACIÓN GENERAL
fixed length control field 190423b ||||| |||| 00| 0 spa d
020 ## - NÚMERO INTERNACIONAL ESTÁNDAR DEL LIBRO
ISBN 9786123191535
040 ## - FUENTE DE LA CATALOGACIÓN
Agencia/entidad que catalogó originalmente la obra MUNICIPALIDAD PROVINCIAL DEL CUSCO
Entidad que transcribió la catalogación BIBLIOTECA MUNICIPAL DEL CUSCO
082 ## - NÚMERO DE LA CLASIFICACIÓN DECIMAL DEWEY
No. de Clasificación EP/920.72/F29
Notacion interna F29
No. de la edición 1a ed., 11a reimpr.
100 ## - ENTRADA PRINCIPAL--NOMBRE DE PERSONA
Nombre Personal Favilli, Elena
245 ## - MENCIÓN DE TÍTULO
Título Cuentos de buenas noches para niñas rebeldes :
Resto del título 100 historias de mujeres extraordinarias /
Mención de responsabilidad Elena Favilli y Francesca Cavallo ; [traducción, Ariadna Molinari Tato]
260 ## - PUBLICACIÓN, DISTRIBUCIÓN, ETC.
Lugar de publicación, distribución, etc. Lima :
Nombre de la editorial, distribuidor, etc. Planeta,
Fecha de publicación, distribución, etc. 2020.
300 ## - DESCRIPCIÓN FÍSICA
Nº de Páginas Extensión xii, 212 páginas. :
Otros detalles físicos il. col., retrs. ;
Dimensiones 24 cm.
650 ## - PUNTO DE ACCESO ADICIONAL DE MATERIA--TÉRMINO DE MATERIA
Descriptor Mujeres
9 (RLIN) 3760
650 ## - PUNTO DE ACCESO ADICIONAL DE MATERIA--TÉRMINO DE MATERIA
Descriptor Biografía
9 (RLIN) 48513
650 ## - PUNTO DE ACCESO ADICIONAL DE MATERIA--TÉRMINO DE MATERIA
Descriptor Literatura juvenil
9 (RLIN) 1580
700 ## - PUNTO DE ACCESO ADICIONAL--NOMBRE DE PERSONA
Nombre Personal Cavallo, Francesca
9 (RLIN) 48514
700 ## - PUNTO DE ACCESO ADICIONAL--NOMBRE DE PERSONA
Nombre Personal Molinari Tato, Ariadna
Término de relación traductor
9 (RLIN) 48515
942 ## - ELEMENTOS DE PUNTO DE ACCESO ADICIONAL (KOHA)
Fuente de clasificación
Tipo de item Libros-BMC
945 ## - PROCESAMIENTO DE INFORMACIÓN LOCAL (OCLC)
Catalogador rac
Holdings
Estado de retiro (separado) Fuente de clasificación o esquema de estanterías Estado dañado Ubicación Sala donde se ubica Nombre de la colección Fecha de adquisición o compra Fuente de adquisición Costo, precio normal en soles Signatura topográfica Código de Barras Última vez visto (Koha) Tipo de ítem (Koha)
No     Sala de Infantes Sala de Infantes Book Cart 2022-09-26 Donación 30.00 EP/920.72/F29 SI00004805 2022-09-26 Libros-BMC
No     Sala de Infantes Sala de Infantes Book Cart 2022-09-26 Donación 30.00 EP/920.72/F29/e.2 SI00004806 2022-09-26 Libros-BMC

Powered by Koha